000 00481nam a2200169Ia 4500
003 GCL
008 140319s9999 xx 000 0 eng d
040 _aGCL /
_cGCL
082 0 4 _a658.1
_bC E
100 1 _aCOHEN, ALLEN R.
245 1 0 _aEFFECTIVE BEHAVIOR IN ORGANIZATIONS: CASES CONCEPTS AND STUDENT EXPERIENCES /
_cCOHEN, ALLEN R.
260 _a[S.N] :
_bIRWIN ،
_c1995
300 _a702 P
650 0 4 _aORGANIZATIONAL BEHAVIOR
650 0 4 _aORGANIZATIONS
942 _2ddc
_cBK
999 _c11660
_d11660